000 00402pab a2200157 454500
008 180718b2014 xxu||||| |||| 00| 0 eng d
100 _aKar, Ajit Kumar
245 _aCompetitive advantage through employee empowerment
260 _c2014
300 _ap.1-6.
362 _aJan-Mar
650 _aEmployees
773 _aIndian Journal of Training and Development
908 _aN
909 _a104322
999 _c104318
_d104318